00888nam a2200265Ia 45000010006000000050017000060070003000230080041000260400025000670410008000920820022001001000023001222450096001452500014002412600042002553000030002974400041003274900041003685040010004096530026004196530017004459420012004629520131004749990017006053640420240114001853.0ta070420s1979 a g b000 u 465 u aCotton College,Assam a465 a701.17bGh 346 Ae aGhosh, Ranjan K. . 0aAesthetic Theory and Art: A Study in Susanne K.Langer /cRanjan K.Ghosh.hTextual Documents a1st ed. / aDelhi :bAjanta Publications ,c1979. avi,151p. :bill ;c22cm . aAjanta`s Series on Aesthetic ,vNo.1 aAjanta`s Series on Aesthetic ,vNo.1 aIndex aArts-Aesthetic Theory aG-Technology 2ddccBK 001040708Circulation (G)aSKBLbSKBLd2012-02-01f00000l0o701.17 Gh 346 Aep89714r2024-01-14 00:00:00t1w2012-02-01yBK c36386d36386